000 00903nam a2200253Ia 4500
003 Ost
005 20260507075640.0
008 260507s9999||||xx |||||||||||||| ||und||
020 _a9957110098
040 _cfsecg
041 _aara
082 _a658.81
100 _aعبيدات، محمد
_eمؤلف
245 0 _aإدارة المبيعات والبيع الشخصي /
_c محمد عبيدات
250 _aطبعة 2
260 _aعمان:
_bدار وائل للطباعة و النشر,
_c2001
300 _a319 صفحة؛
_c24 سم
504 _aالمراجع ص.317
520 _aمقدمة في إدارة المبيعات ، إدارة القوى البيعية، تخطيط المبيعات، تقييم أداء النشاط البيعي
653 _aالبيع
653 _aالتسويق
700 _aالضمور، هاني
_eمؤلف ثانوي
942 _cكتاب
999 _c45379
_d45379